00583nam a22001817a 4500003000400000020001800004082001800022100002900040245005000069250000800119260002300127300000800150650002400158653002400182942001500206952016300221999001700384SGT a9780367396061 a617.645bR02D aDuggal, M. S...[et. al.] aRestorative techniques in Pediatric Dentistry a2nd bC.R.C. Pressc2002 a141 aPediatric Dentistry aPediatric Dentistry 2ddccBK01 00102ddc4070aFDbFDd2022-07-20eAhuja Book Co. Pvt. Ltd. g5972.00iSGTUl1o617.645 R02DpFD8954r2023-03-15 00:00:00s2023-03-15w2022-07-01yBKk14707 c23037d23037